000 00368nam a2200157Ia 4500
003 OSt
008 191201s2003 xx 000 0 und d
082 _a384.068
_bCAM
100 _aCARRYSYNDER, Houston H
245 0 _aManagement of Telecommunications
250 _a2nd
260 _aNew Delhi
_bTMH
_c2003
300 _a810
650 _aB.Tech(CSE)
942 _2ddc
_cBK
999 _c1384
_d1384